Movimientos sociales en el siglo XXI (Registro nro. 315559)

Detalles MARC
000 -ENCABEZADO
Número de control [NR] 01011cam a2200265 i 4500
001 - NÚMERO DE CONTROL
control field 21137000
005 - FECHA Y HORA DE LA ÚLTIMA TRANSACCIÓN
control field 20191031080025.0
008 - DE LONGITUD FIJA DE DATOS DE ELEMENTOS - INFORMACIÓN GENERAL
Elementos de longitud fija [NR] 191031s2019 sp b 000 0 spa d
010 ## - NUMERO DE CONTROL DE LA BIBLIOTECA DEL CONGRESO (LC) [NR]
Número de control LC [NR] 2019362584
020 ## - NUMERO INTERNACIONAL NORMALIZADO PARA LIBROS [R]
ISBN Cancelado/ Invalidado [R] 9789877223736
020 ## - NUMERO INTERNACIONAL NORMALIZADO PARA LIBROS [R]
Número Internacional Normalizado del libro [NR] 9788498889215
035 ## - NUMERO DE CONTROL DEL SISTEMA [R]
Número de control del sistema [NR] (AR-BaFGC)0-194737/3
040 ## - FUENTE DE CATALOGACION [NR]
Agencia de catalogación original [NR] CO-BoUCM
Idioma de catalogación [NR] eng
Quien Cataloga Saul Niño
Quien Clasifica Saul Niño
041 1# - CODIGO DE IDIOMA [R]
Código de idioma para texto/pista de sonido o título separado [R] Español
-- Portugués
100 1# - ASIENTO PRINCIPAL--NOMBRE PERSONAL [NR]
Nombre personal [NR] Pleyers, Geoffrey
ID Autoridad 99051
245 10 - MENCION DE TITULO [NR]
Título [NR] Movimientos sociales en el siglo XXI
Parte restante del título [NR] perspectivas y herramientas analíticas
Mención de responsabilidad, etc. [NR] Geoffrey Pleyers ; prefacio de Boaventura de Sousa Santos ; posfacio de Breno Bringel
260 ## - PUBLICACION, DISTRIBUCION, ETC. (PIE DE IMPRENTA) [R]
Lugar de publicación, distribución, etc. [R] Barcelona
Nombre del editor, distribuidor, etc. [R] Antrazyt - Icaria Editorial
Fecha de publicación, distribución, etc. [R] 2019
300 ## - DESCRIPCION FISICA [R]
Extensión [R] 173 páginas
490 0# - MENCION DE SERIE [R]
Mención de serie [R] Análisis contemporáneo
546 ## - NOTA DE IDIOMA [R]
Nota de idioma [NR] Texto en inglés
650 #7 - ASIENTO SECUNDARIO DE MATERIA - TERMINO TEMATICO [R]
Término temático o nombre geográfico como elemento de entrada [NR] Movimientos sociales
Subdivisión geográfica [R] América Latina
Subdivisión general [R] Historia
Subdivisión cronológica [R] Siglo XXI
9 (RLIN) 19847
651 #0 - ASIENTO SECUNDARIO DE MATERIA - NOMBRE GEOGRAFICO [R]
Nombre geográfico [NR] América Latina
Subdivisión general [R] Condiciones sociales
Subdivisión cronológica [R] Siglo XXI
9 (RLIN) 99052
942 ## - ELEMENTOS DE ENTRADA AGREGADOS (KOHA)
Sistema de clasificación DEWEY
Tema principal Sociología
Tipo de ítem principal el descrito en 300a Libro de reserva
Edición 1
Clasificación 303.484
Parte restante de la signatura top. P727m
Existencias
Total préstamos Signatura topográfica Código de barras Última vez visto Ejemplar Costo de reposición Price effective from Tipo de ítem Perdido Sistema de clasificación Dañado No prestable Tipo de ítem específico Suprimido Ubicación habitual Ubicación actual Localización Fecha de creación Proveedor Forma de adquisición Costo
  303.484 P727m 100164504 09/12/2025 Ej.1 64900.00 16/10/2019 Libro de reserva   DEWEY     Libro de reserva   Claustro Claustro 2do piso 16/10/2019 37 Compra 64900.00